000 00371pam a2200157a 44500
008 230515b1991 xxu||||| |||| 00| 0 eng d
020 _aNULL
041 _aENGL
082 _a620.106 / GUP
100 _aGUPTA S.K. & G .V .F
245 _aFLUID MECHANICS AND ITS APPLICATIONS
250 _aN.D.
260 _aNULL
_bWILEY
_c1991
300 _a536 PB
650 _aNULL
999 _c624196
_d624196